Emperadores de Japón - Estadísticas

Estadísticas generales
  • Esta prueba ha sido intentada 15 veces
  • La puntuación promedio es 4 de 126
Estadísticas de respuestas
Reinado Nombre póstumo % Correcto
1867-1912 Meiji
100%
1926-1989 Shōwa
73%
1912-1926 Taishō
45%
2019-Act. Reiwa (vivo)
36%
1989-2019 Heisei (vivo)
27%
806-809 Heizei
27%
1831 - 1867 Kōmei
18%
897-930 Daigo
9%
1318-1339 Go-Daigo
9%
1526-1557 Go-Nara
9%
1637 - 1685 Go-Sai
9%
1740 - 1813 Go-Sakuramachi
9%
1185-1198 Go-Toba
9%
660 a. C.–585 a. C. Jinmu
9%
1800 - 1846 Ninkō
9%
1654 - 1732 Reigen
9%
1720 - 1750 Sakuramachi
9%
1107-1123 Toba
9%
531-535 Ankan
0%
454-456 Ankō
0%
549 a. C.–511 a. C. Annei
0%
1180-1185 Antoku
0%
572-585 Bidatsu
0%
499-507 Buretsu
0%
1368-1383 Chōkei
0%
192-200 Chūai
0%
1221 Chūkyō
0%
969-984 En'yū
0%
1287-1298 Fushimi
0%
707-715 Genmei
0%
715-724 Genshō
0%
1246-1260 Go-Fukakusa
0%
1298-1301 Go-Fushimi
0%
1428-1464 Go-Hanazono
0%
1221-1232 Go-Horikawa
0%
1016-1036 Go-Ichijō
0%
1383-1392 Go-Kameyama
0%
1500-1526 Go-Kashiwabara
0%
1392-1412 Go-Komatsu
0%
1633 - 1654 Go-Kōmyō
0%
1596 - 1680 Go-Mizunoo
0%
1758 - 1779 Go-Momozono
0%
1339-1368 Go-Murakami
0%
1301-1308 Go-Nijō
0%
1045-1068 Go-Reizei
0%
1242-1246 Go-Saga
0%
1068-1073 Go-Sanjō
0%
1155-1158 Go-Shirakawa
0%
1036-1045 Go-Suzaku
0%
1464-1500 Go-Tsuchimikado
0%
1274-1287 Go-Uda
0%
1586-1611 Go-Yōzei
0%
1308-1318 Hanazono
0%
406-411 Hanzei
0%
1675 - 1709 Higashiyama
0%
1087-1107 Horikawa
0%
986-1011 Ichijō
0%
412-453 Ingyō
0%
510 a. C.–477 a. C. Itoku
0%
686-697 Jitō
0%
629-641 Jomei
0%
823-833 Junna
0%
758-764 Junnin
0%
1210-1221 Juntoku
0%
157 a. C.–98 a. C. Kaika
0%
1260-1274 Kameyama
0%
781-806 Kanmu
0%
984-986 Kazan
0%
71-130 Keikō
0%
507-531 Keitai
0%
485-487 Kenzō
0%
539-571 Kinmei
0%
392 a. C.–291 a. C. Kōan
0%
672 Kōbun
0%
214 a. C.–158 a. C. Kōgen
0%
642-645 Kōgyoku
0%
1771 - 1840 Kōkaku
0%
749-758 Kōken
0%
884-887 Kōkō
0%
770-781 Kōnin
0%
1142-1155 Konoe
0%
290 a. C.–215 a. C. Kōrei
0%
476 a. C.–393 a. C. Kōshō
0%
645-654 Kōtoku
0%
1624 - 1696 Meishō
0%
1741 - 1762 Momozono
0%
697-707 Monmu
0%
850-858 Montoku
0%
946-967 Murakami
0%
1702 - 1737 Nakamikado
0%
1158-1165 Nijō
0%
488-498 Ninken
0%
833-850 Ninmyō
0%
313-399 Nintoku
0%
1557-1586 Ōgimachi
0%
270-310 Ōjin
0%
967-969 Reizei
0%
400-405 Richū
0%
1165-1168 Rokujō
0%
809-823 Saga
0%
655-661 Saimei
0%
1011-1016 Sanjō
0%
131-191 Seimu
0%
480-484 Seinei
0%
858-876 Seiwa
0%
536-539 Senka
0%
1232-1242 Shijō
0%
1073-1087 Shirakawa
0%
1412-1428 Shōkō
0%
724-749 Shōmu
0%
764-770 Shōtoku
0%
593-628 Suiko
0%
29 a. C.–70 d. C. Suinin
0%
580 a. C.–549 a. C. Suizei
0%
97 a. C.–30 a. C. Sujin
0%
587-592 Sushun
0%
1123-1142 Sutoku
0%
930-946 Suzaku
0%
1168-1180 Takakura
0%
661-672 Tenji
0%
672-686 Tenmu
0%
1198-1210 Tsuchimikado
0%
887-897 Uda
0%
585-587 Yōmei
0%
876-884 Yōzei
0%
457-479 Yūryaku
0%
No se encontraron pruebas coincidentes
Distribución de puntuación
Porcentaje de gente con cada puntuación
Porcentaje por número respondido
Historial de tus puntuaciones
No has intentado esta prueba.